000 00536nam a22001451 4500
082 _a523.6
_bGUI
100 1 _aGuillemin, Amédée,
_949850
245 1 4 _aThe world of comets,
_cby Amédée Guillemin ... Tr. and ed. by James Glaisher ...
260 _aLondon,
_bS. Low, Marston, Searle & Rivington,
_c1877.
300 _axxxviii, 548 p.
_bfront., illus., 9 pl. (3 col., 1 fold.) tables, diagrs.
_c28 cm.
526 _a0
_b0
_c0
_d523_600000000000000_GUI
650 0 _aComets.
_949851
700 1 _aGlaisher, James,
_949852
942 _2ddc
_cBK
999 _c552597
_d552597